| 000 | 00701nam a22002177a 4500 | ||
|---|---|---|---|
| 003 | OSt | ||
| 005 | 20251127154421.0 | ||
| 008 | 251127b |||||||| |||| 00| 0 eng d | ||
| 020 | _a 978-1-4777-7840 | ||
| 040 |
_aDWCL - Main Library _cOC |
||
| 082 | _aGR. 614.6 H268w 2015 | ||
| 100 | _aHardyman, Robyn | ||
| 245 |
_aWorld in Crisis : _bthe Race to End Epidemics / _cRobyn Hardyman |
||
| 260 |
_aNew york : _bRosen Publishing Group, Inc., _cc2015. |
||
| 300 |
_a48 pages; _bcolored illustration; _c26 cm. |
||
| 504 | _a1. Includes glossary | ||
| 504 | _a2. index | ||
| 650 | _aI. Communicable diseases-Juvenile literature | ||
| 650 | _aII. Epidemics-Juvenile literature | ||
| 942 |
_2ddc _cGR _mGR. _n0 |
||
| 999 |
_c6501 _d6501 |
||